书目信息 |
| 题名: |
摆脱克格勃:克格勃最后一任主席回忆录
|
|
| 作者: | 巴卡京 著 | |
| 分册: | ||
| 出版信息: | 北京 新华出版社 1998.08 |
|
| 页数: | 232页 | |
| 开本: | 32开 | |
| 丛书名: | ||
| 单 册: | ||
| 中图分类: | D751.236 | |
| 科图分类: | ||
| 主题词: | 政治 | |
| 电子资源: | ||
| ISBN: | 7-5011-3958-X | |
| 000 | 00612nam0 2200193 45 | |
| 001 | 0103301083 | |
| 005 | 20010330100705.7 | |
| 010 | @a7-5011-3958-X@d15.00元 | |
| 100 | @a20010330d1998 km y0chiy0120 ea | |
| 101 | 0 | @achi |
| 105 | @a z 000yy | |
| 200 | 1 | @a摆脱克格勃:克格勃最后一任主席回忆录@ABai Tuo Ke Ge Bo:Ke Ge Bo Zui Hou Yi Ren Zhu Xi Hui Yi Lu@f(俄)巴卡京著;非琴译@F(E)Ba Ka Jing Zhu;Fei Qin Yi |
| 210 | @a北京@c新华出版社@d1998.08 | |
| 215 | @a232页@d32开 | |
| 606 | 0 | @a政治 |
| 690 | @aD751.236@v3 | |
| 701 | 0 | @a巴卡京@4著 |
| 801 | @aCN@bPftUser@c20010330 | |
| 905 | @b334387-389@dD751.236@eB348@f3 | |
| 摆脱克格勃:克格勃最后一任主席回忆录/(俄)巴卡京著;非琴译.-北京:新华出版社,1998.08 |
| 232页;32开 |
| ISBN 7-5011-3958-X:15.00元 |
| ● |
| 相关链接 |
|
|
|
正题名:摆脱克格勃:克格勃最后一任主席回忆录
索取号:D751.236/B348
 
预约/预借
| 序号 | 登录号 | 条形码 | 馆藏地/架位号 | 状态 | 备注 |
| 1 | 334387 | 203343872 | 社科库509/509社科库 77排9列6层/ [索取号:D751.236/B348] | 在馆 | |
| 2 | 334388 | 203343881 | 社科库509/509社科库 77排9列6层/ [索取号:D751.236/B348] | 在馆 | |
| 3 | 334389 | 203343890 | 社科库509/509社科库 77排9列6层/ [索取号:D751.236/B348] | 在馆 |